Statistics for NFL Opoys

Click here to take the quiz!

General Stats

  • This quiz has been taken 124 times
    (63 since last reset)
  • The average score is 37 of 52

Answer Stats

YearTeamPlayer% Correct
2015PanthersCam Newton
100%
2020TitansDerrick Henry
100%
2022VikingsJustin Jefferson
100%
202349ersChristian McCaffrey
98%
2021RamsCooper Kupp
98%
2016FalconsMatt Ryan
98%
2018ChiefsPatrick Mahomes
98%
2019SaintsMichael Thomas
96%
1991BillsThurman Thomas
96%
2011SaintsDrew Brees
94%
2008SaintsDrew Brees
94%
2004ColtsPeyton Manning
94%
2013BroncosPeyton Manning
94%
2017RamsTodd Gurley
94%
2007PatriotsTom Brady
94%
2010PatriotsTom Brady
94%
2012VikingsAdrian Peterson
92%
198749ersJerry Rice
83%
199349ersJerry Rice
83%
2006ChargersLaDanian Tomlinson
83%
198949ersJoe Montana
79%
1994LionsBarry Sanders
75%
1997LionsBarry Sanders
75%
2009TitansChris Johnson
75%
1984DolphinsDan Marino
73%
199249ersSteve Young
73%
1995PackersBrett Favre
71%
2000RamsMarshall Faulk
71%
2001RamsMarshall Faulk
71%
1999RamsMarshall Faulk
71%
2005SeahawksShaun Alexander
69%
1990OilersWarren Moon
69%
2014CowboysDeMarco Murray
65%
1998BroncosTerrell Davis
62%
1996BroncosTerrell Davis
62%
1978OilersEarl Campbell
54%
1979OilersEarl Campbell
54%
1980OilersEarl Campbell
54%
1977BearsWalter Payton
52%
1986RamsEric Dickerson
50%
2003RavensJamal Lewis
50%
1973BillsOJ Simpson
48%
1985RaidersMarcus Allen
44%
2002ChiefsPriest Holmes
42%
1975VikingsFran Tarkenton
38%
1972RedskinsLarry Brown
38%
1983RedskinsJoe Theismann
37%
1976ColtsBert Jones
35%
1982ChargersDan Fouts
33%
1981BengalsKen Anderson
33%
1974RaidersKen Stabler
29%
198849ersRoger Craig
25%

Score Distribution

Percentile by Number Answered

Percent of People with Each Score

Your Score History

You have not taken this quiz since the last reset